[Event "The Irish Championship 2020"]
[Site "Colaiste Eanna, Dublin, Ireland"]
[Date "2020.08.06"]
[Round "6"]
[Board "3"]
[White "Brady, Stephen"]
[Black "Fitzsimons, David"]
[Result "1/2-1/2"]
[WhiteElo "2290"]
[BlackElo "2334"]
[PlyCount "0"]
[EventDate "2020.08.01"]
[EventRounds "9"]
[EventCountry "IRL"]

1. Nf3 {[%clk 02:15:21]} {[%emt 00:00:49]} Nf6 {[%clk 02:15:32]} {[%emt
00:00:39]} 2. g3 {[%clk 02:15:51]} {[%emt 00:00:04]} g6 {[%clk 02:15:51]}
{[%emt 00:00:17]} 3. Bg2 {[%clk 02:16:20]} {[%emt 00:00:04]} Bg7 {[%clk
02:16:18]} {[%emt 00:00:07]} 4. O-O {[%clk 02:16:48]} {[%emt 00:00:07]} O-O
{[%clk 02:16:48]} {[%emt 00:00:05]} 5. d4 {[%clk 02:16:27]} {[%emt 00:00:56]}
d6 {[%clk 02:17:00]} {[%emt 00:00:23]} 6. Nc3 {[%clk 02:15:50]} {[%emt
00:01:12]} Nbd7 {[%clk 02:16:07]} {[%emt 00:01:29]} 7. e4 {[%clk 02:16:11]}
{[%emt 00:00:14]} e5 {[%clk 02:16:30]} {[%emt 00:00:12]} 8. Re1 {[%clk
02:16:29]} {[%emt 00:00:17]} c6 {[%clk 02:14:44]} {[%emt 00:02:22]} 9. a4
{[%clk 02:15:45]} {[%emt 00:01:19]} a5 {[%clk 02:14:27]} {[%emt 00:02:51]} 10.
h3 {[%clk 02:14:44]} {[%emt 00:00:05]} Qb6 {[%clk 02:09:42]} {[%emt 00:04:51]}
11. Be3 {[%clk 02:05:20]} {[%emt 00:10:00]} Qb4 {[%clk 01:40:07]} {[%emt
00:30:10]} 12. Ra3 {[%clk 01:54:14]} {[%emt 00:11:40]} exd4 {[%clk 01:33:47]}
{[%emt 00:06:56]} 13. Bxd4 {[%clk 01:31:26]} {[%emt 00:23:24]} Nc5 {[%clk
01:17:39]} {[%emt 00:16:42]} 14. Na2 {[%clk 01:25:31]} {[%emt 00:06:30]} Qb6
{[%clk 01:15:18]} {[%emt 00:02:56]} 15. Nc1 {[%clk 01:16:01]} {[%emt 00:10:06]}
Qc7 {[%clk 01:04:51]} {[%emt 00:11:03]} 16. e5 {[%clk 01:08:28]} {[%emt
00:08:08]} Nfd7 {[%clk 01:03:42]} {[%emt 00:01:44]} 17. Bxc5 {[%clk 00:50:37]}
{[%emt 00:18:27]} dxc5 {[%clk 00:59:06]} {[%emt 00:05:11]} 18. Rae3 {[%clk
00:50:24]} {[%emt 00:00:47]} Nb6 {[%clk 00:54:01]} {[%emt 00:05:40]} 19. Nd3
{[%clk 00:42:38]} {[%emt 00:08:21]} Nd5 {[%clk 00:32:14]} {[%emt 00:22:21]} 20.
R3e2 {[%clk 00:42:16]} {[%emt 00:00:58]} c4 {[%clk 00:29:41]} {[%emt 00:03:08]}
21. Nf4 {[%clk 00:41:00]} {[%emt 00:01:51]} Nxf4 {[%clk 00:25:11]} {[%emt
00:05:05]} 22. gxf4 {[%clk 00:41:28]} {[%emt 00:00:06]} Bf5 {[%clk 00:25:33]}
{[%emt 00:00:13]} 23. Nd4 {[%emt 00:01:01]} Rad8 {[%clk 00:25:57]} 24. Rd2
{[%clk 00:41:35]} {[%emt 00:00:13]} Bc8 {[%clk 00:25:43]} {[%emt 00:00:49]} 25.
c3 {[%clk 00:34:36]} {[%emt 00:07:35]} Bh6 {[%clk 00:20:52]} {[%emt 00:05:26]}
26. Qf3 {[%clk 00:33:54]} {[%emt 00:01:17]} Qe7 {[%clk 00:20:08]} {[%emt
00:01:19]} 27. Rde2 {[%clk 00:33:19]} {[%emt 00:01:11]} Qh4 {[%clk 00:18:33]}
{[%emt 00:02:10]} 28. Re4 {[%clk 00:32:42]} {[%emt 00:01:12]} f5 {[%clk
00:18:43]} {[%emt 00:00:25]} 29. exf6 {[%clk 00:32:19]} {[%emt 00:00:58]} Qxf6
{[%clk 00:19:05]} {[%emt 00:00:12]} 30. Ne6 {[%clk 00:31:27]} {[%emt 00:01:26]}
Bxe6 {[%clk 00:19:09]} {[%emt 00:00:33]} 31. Rxe6 {[%clk 00:32:32]} {[%emt
00:00:06]} Qxf4 {[%clk 00:19:41]} {[%emt 00:00:36]} 32. Qxf4 {[%clk 00:32:23]}
{[%emt 00:00:44]} Rxf4 {[%clk 00:16:39]} {[%emt 00:03:38]} 33. Re7 {[%clk
00:32:02]} {[%emt 00:00:55]} Rb8 {[%clk 00:16:33]} {[%emt 00:00:41]} 34. Bf1
{[%clk 00:29:08]} {[%emt 00:03:30]} Bf8 {[%clk 00:09:34]} {[%emt 00:07:33]} 35.
Re8 {[%clk 00:21:04]} {[%emt 00:08:38]} Rxe8 {[%clk 00:09:56]} {[%emt
00:00:14]} 36. Rxe8 {[%clk 00:21:36]} {[%emt 00:00:02]} Kg7 {[%clk 00:08:47]}
{[%emt 00:01:45]} 37. Rb8 {[%clk 00:22:01]} {[%emt 00:00:09]} Bc5 {[%clk
00:07:05]} {[%emt 00:02:18]} 38. Rxb7+ {[%clk 00:22:28]} {[%emt 00:00:07]} Kf8
{[%clk 00:07:13]} {[%emt 00:00:27]} 39. Kh1 {[%clk 00:22:14]} {[%emt 00:00:50]}
Bxf2 {[%clk 00:07:07]} {[%emt 00:00:41]} 40. Bg2 {[%clk 00:22:31]} {[%emt
00:00:17]} Rf6 {[%clk 00:06:49]} {[%emt 00:00:53]} 41. Rxh7 {[%clk 00:22:10]}
{[%emt 00:00:57]} Be3 {[%clk 00:06:59]} {[%emt 00:00:25]} 42. Rc7 {[%clk
00:20:20]} {[%emt 00:02:24]} Bc1 {[%clk 00:04:04]} {[%emt 00:03:30]} 43. Rxc6
{[%clk 00:20:26]} {[%emt 00:00:28]}  1/2-1/2

[Event "The Irish Championship 2020"]
[Site "Colaiste Eanna, Dublin, Ireland"]
[Date "2020.08.06"]
[Round "6"]
[Board "4"]
[White "Venkatesan, Kavin"]
[Black "Kanyamarala, Tarun"]
[Result "0-1"]
[WhiteElo "1946"]
[BlackElo "2381"]
[PlyCount "0"]
[EventDate "2020.08.01"]
[EventRounds "9"]
[EventCountry "IRL"]

1. d4 {[%clk 02:16:07]} d5 {[%clk 02:16:03]} {[%emt 00:00:07]} 2. c4 {[%clk
02:16:38]} {[%emt 00:00:03]} e6 {[%clk 02:16:32]} {[%emt 00:00:07]} 3. Nc3
{[%clk 02:16:44]} {[%emt 00:00:29]} c6 {[%clk 02:16:59]} {[%emt 00:00:11]} 4.
cxd5 {[%clk 02:16:33]} {[%emt 00:00:43]} exd5 {[%clk 02:17:20]} {[%emt
00:00:14]} 5. Bf4 {[%clk 02:10:03]} {[%emt 00:07:06]} Bd6 {[%clk 02:17:28]}
{[%emt 00:00:25]} 6. Bg3 {[%clk 02:09:52]} {[%emt 00:00:46]} Nf6 {[%clk
02:16:29]} {[%emt 00:03:34]} 7. Qc2 {[%clk 02:08:29]} {[%emt 00:00:06]} Bxg3
{[%clk 02:08:12]} {[%emt 00:08:45]} 8. hxg3 {[%clk 02:08:32]} {[%emt 00:00:32]}
g6 {[%clk 02:08:38]} {[%emt 00:00:09]} 9. e3 {[%clk 02:06:03]} {[%emt
00:03:04]} Bf5 {[%clk 02:09:04]} {[%emt 00:00:09]} 10. Bd3 {[%clk 02:05:24]}
{[%emt 00:01:14]} Bxd3 {[%clk 02:09:36]} {[%emt 00:00:03]} 11. Qxd3 {[%clk
02:05:57]} {[%emt 00:00:02]} Qe7 {[%clk 02:09:56]} {[%emt 00:00:16]} 12. a3
{[%clk 02:00:34]} {[%emt 00:05:57]} Nbd7 {[%clk 01:58:19]} {[%emt 00:12:12]} 13.
Nge2 {[%clk 01:56:30]} {[%emt 00:04:39]} O-O {[%clk 01:52:05]} {[%emt
00:06:49]} 14. f3 {[%clk 01:44:10]} {[%emt 00:12:55]} Rfe8 {[%clk 01:36:55]}
{[%emt 00:15:46]} 15. Kf2 {[%clk 01:44:22]} {[%emt 00:00:22]} h5 {[%clk
01:37:23]} {[%emt 00:00:08]} 16. Nf4 {[%clk 01:40:35]} {[%emt 00:04:21]} Kg7
{[%clk 01:36:16]} {[%emt 00:01:43]} 17. Rae1 {[%clk 01:32:42]} {[%emt
00:08:27]} Rad8 {[%clk 01:15:06]} {[%emt 00:21:45]} 18. Re2 {[%clk 01:26:38]}
{[%emt 00:06:39]} Nb6 {[%clk 01:06:51]} {[%emt 00:08:50]} 19. b4 {[%clk
01:09:40]} {[%emt 00:17:33]} Qd6 {[%clk 00:51:35]} {[%emt 00:15:51]} 20. Nd1
{[%clk 00:54:09]} {[%emt 00:16:06]} Nc8 {[%clk 00:45:05]} {[%emt 00:07:05]} 21.
Rd2 {[%clk 00:33:37]} {[%emt 00:21:08]} Qd7 {[%clk 00:39:37]} {[%emt 00:06:02]}
22. Nb2 {[%clk 00:30:48]} {[%emt 00:03:23]} Nd6 {[%clk 00:37:29]} {[%emt
00:02:44]} 23. Qc2 {[%clk 00:26:11]} {[%emt 00:05:12]} Qe7 {[%clk 00:25:54]}
{[%emt 00:12:10]} 24. Rd3 {[%clk 00:25:15]} {[%emt 00:01:31]} Nd7 {[%clk
00:25:29]} {[%emt 00:00:59]} 25. Qb3 {[%clk 00:22:41]} {[%emt 00:03:10]} Nf5
{[%clk 00:23:24]} {[%emt 00:02:40]} 26. Ne2 {[%clk 00:17:40]} {[%emt 00:05:36]}
Qg5 {[%clk 00:22:04]} {[%emt 00:01:55]} 27. a4 {[%clk 00:13:21]} {[%emt
00:04:55]} Re6 {[%clk 00:21:38]} {[%emt 00:01:01]} 28. a5 {[%clk 00:12:50]}
{[%emt 00:01:07]} Rde8 {[%clk 00:18:41]} {[%emt 00:03:32]} 29. Nd1 {[%clk
00:12:43]} {[%emt 00:00:41]} Nd6 {[%clk 00:17:15]} {[%emt 00:02:01]} 30. Nb2
{[%clk 00:12:02]} {[%emt 00:01:17]} Rf6 {[%clk 00:15:32]} {[%emt 00:02:18]} 31.
Nf4 {[%clk 00:10:48]} {[%emt 00:01:49]} Nf5 {[%clk 00:14:01]} {[%emt 00:02:07]}
32. Ne2 {[%clk 00:10:32]} {[%emt 00:00:51]} a6 {[%clk 00:10:35]} {[%emt
00:04:01]} 33. Rh3 {[%clk 00:09:46]} {[%emt 00:01:19]} Nf8 {[%clk 00:08:25]}
{[%emt 00:02:45]} 34. Nd1 {[%clk 00:09:17]} {[%emt 00:01:04]} Ne6 {[%clk
00:06:31]} {[%emt 00:02:29]} 35. Nb2 {[%clk 00:06:28]} {[%emt 00:03:24]} Nc7
{[%clk 00:06:39]} {[%emt 00:00:27]} 36. Nd1 {[%clk 00:05:29]} {[%emt 00:01:34]}
Nb5 {[%clk 00:07:04]} {[%emt 00:00:11]} 37. Nf4 {[%clk 00:04:01]} {[%emt
00:02:02]} Nbd6 {[%clk 00:07:07]} {[%emt 00:00:32]} 38. Nb2 {[%clk 00:04:16]}
{[%emt 00:00:20]} Nb5 {[%clk 00:05:14]} {[%emt 00:02:29]} 39. Nd1 {[%clk
00:03:51]} {[%emt 00:01:01]} Rh8 {[%clk 00:05:28]} {[%emt 00:00:21]} 40. Nb2
{[%clk 00:03:32]} {[%emt 00:00:54]} h4 {[%clk 00:05:03]} {[%emt 00:01:00]} 41.
gxh4 {[%clk 00:03:29]} {[%emt 00:00:38]} Rxh4 {[%clk 00:05:26]} {[%emt
00:00:12]} 42. Qd1 {[%clk 00:02:36]} {[%emt 00:01:29]} Nxe3 {[%clk 00:03:57]}
{[%emt 00:02:04]} 43. Rxe3 {[%clk 00:02:48]} {[%emt 00:00:22]} Rfxf4 {[%clk
00:04:16]} {[%emt 00:00:16]} 44. Rxh4 {[%clk 00:00:44]} {[%emt 00:02:39]} Qxh4+
{[%clk 00:04:33]} {[%emt 00:00:18]} 45. Kg1 {[%clk 00:01:11]} {[%emt 00:00:08]}
Rxd4 {[%clk 00:04:55]} {[%emt 00:00:13]} 46. Nd3 {[%clk 00:01:04]} {[%emt
00:00:44]} Qf6 {[%clk 00:04:00]} {[%emt 00:01:30]} 47. Qe2 {[%clk 00:00:45]}
{[%emt 00:00:54]} Rh4 {[%clk 00:03:22]} {[%emt 00:01:13]} 48. Nc5 {[%clk
00:00:42]} {[%emt 00:00:38]} Rxb4 {[%clk 00:03:19]} {[%emt 00:00:38]} 49. Qe1
{[%clk 00:00:44]} {[%emt 00:00:33]} Qd4 {[%clk 00:03:10]} {[%emt 00:00:45]} 50.
Nd3 {[%clk 00:00:38]} {[%emt 00:00:41]} Rb3 {[%clk 00:03:16]} {[%emt 00:00:29]}
51. Qd2 {[%clk 00:00:38]} {[%emt 00:00:34]} Nd6 {[%clk 00:03:35]} {[%emt
00:00:16]}  0-1

[Event "The Irish Championship 2020"]
[Site "Colaiste Eanna, Dublin, Ireland"]
[Date "2020.08.06"]
[Round "6"]
[Board "5"]
[White "Peoples, Jonathon"]
[Black "Wallace, Paul"]
[Result "1/2-1/2"]
[WhiteElo "1932"]
[BlackElo "2168"]
[PlyCount "0"]
[EventDate "2020.08.01"]
[EventRounds "9"]
[EventCountry "IRL"]

1. d4 {[%clk 02:16:05]} {[%emt 00:00:03]} Nf6 {[%clk 02:16:06]} {[%emt
00:00:05]} 2. c4 {[%clk 02:16:36]} {[%emt 00:00:04]} g6 {[%clk 02:16:32]}
{[%emt 00:00:10]} 3. Nc3 {[%clk 02:17:06]} {[%emt 00:00:03]} Bg7 {[%clk
02:17:03]} {[%emt 00:00:04]} 4. e4 {[%clk 02:17:37]} {[%emt 00:00:04]} d6
{[%clk 02:17:34]} {[%emt 00:00:05]} 5. Nf3 {[%clk 02:18:08]} {[%emt 00:00:06]}
O-O {[%clk 02:18:03]} {[%emt 00:00:04]} 6. Be2 {[%clk 02:18:40]} {[%emt
00:00:03]} e5 {[%clk 02:18:32]} {[%emt 00:00:07]} 7. O-O {[%clk 02:19:10]}
{[%emt 00:00:04]} Na6 {[%clk 02:18:15]} {[%emt 00:00:54]} 8. Be3 {[%clk
02:19:38]} {[%emt 00:00:07]} exd4 {[%clk 02:17:06]} {[%emt 00:01:42]} 9. Nxd4
{[%clk 02:19:25]} {[%emt 00:00:48]} Re8 {[%clk 02:17:33]} {[%emt 00:00:09]} 10.
f3 {[%clk 02:19:45]} {[%emt 00:00:14]} c6 {[%clk 02:14:28]} {[%emt 00:03:40]}
11. Nc2 {[%clk 02:16:51]} {[%emt 00:05:12]} Nc7 {[%clk 02:03:54]} {[%emt
00:09:27]} 12. Qd2 {[%clk 02:07:04]} {[%emt 00:10:21]} d5 {[%clk 02:02:49]}
{[%emt 00:01:40]} 13. Rad1 {[%clk 02:04:13]} {[%emt 00:03:25]} Be6 {[%clk
02:02:14]} {[%emt 00:01:10]} 14. cxd5 {[%clk 02:03:35]} {[%emt 00:01:14]} cxd5
{[%clk 02:02:33]} {[%emt 00:00:16]} 15. e5 {[%clk 02:03:47]} {[%emt 00:00:23]}
Nd7 {[%clk 02:01:30]} {[%emt 00:01:38]} 16. f4 {[%clk 02:02:49]} {[%emt
00:01:33]} f6 {[%clk 01:56:27]} {[%emt 00:05:38]} 17. Nd4 {[%clk 01:52:15]}
{[%emt 00:11:09]} Bf7 {[%clk 01:49:36]} {[%emt 00:07:25]} 18. exf6 {[%clk
01:43:27]} {[%emt 00:09:24]} Nxf6 {[%clk 01:50:05]} {[%emt 00:00:06]} 19. f5
{[%clk 01:43:38]} {[%emt 00:00:24]} Rf8 {[%clk 01:24:21]} {[%emt 00:26:19]} 20.
fxg6 {[%clk 01:24:37]} {[%emt 00:19:35]}  1/2-1/2

[Event "The Irish Championship 2020"]
[Site "Colaiste Eanna, Dublin, Ireland"]
[Date "2020.08.06"]
[Round "6"]
[Board "6"]
[White "Melaugh, Gavin"]
[Black "Flynn, Jacob"]
[Result "0-1"]
[WhiteElo "2003"]
[BlackElo "2114"]
[PlyCount "0"]
[EventDate "2020.08.01"]
[EventRounds "9"]
[EventCountry "IRL"]

1. c4 {[%clk 02:10:18]} {[%emt 00:05:50]} c5 {[%clk 02:14:35]} {[%emt
00:01:37]} 2. Nc3 {[%clk 02:10:05]} {[%emt 00:00:47]} Nc6 {[%clk 02:15:06]}
{[%emt 00:00:05]} 3. Nf3 {[%clk 02:09:31]} {[%emt 00:01:09]} g6 {[%clk
02:13:52]} {[%emt 00:01:57]} 4. e3 {[%clk 01:57:02]} {[%emt 00:12:56]} Nf6
{[%clk 02:13:38]} {[%emt 00:00:49]} 5. d4 {[%clk 01:54:43]} {[%emt 00:02:53]}
cxd4 {[%clk 02:14:07]} {[%emt 00:00:06]} 6. exd4 {[%clk 01:53:12]} {[%emt
00:02:07]} d5 {[%clk 02:14:36]} {[%emt 00:00:05]} 7. Bg5 {[%clk 01:46:20]}
{[%emt 00:07:27]} Bg7 {[%clk 01:58:00]} {[%emt 00:17:12]} 8. Bxf6 {[%clk
01:40:17]} {[%emt 00:06:38]} Bxf6 {[%clk 01:57:33]} {[%emt 00:01:02]} 9. cxd5
{[%clk 01:40:11]} {[%emt 00:00:42]} Nb8 {[%clk 01:57:51]} {[%emt 00:00:17]} 10.
Bb5+ {[%clk 01:36:10]} {[%emt 00:04:35]} Bd7 {[%clk 01:55:58]} {[%emt
00:02:28]} 11. O-O {[%clk 01:32:04]} {[%emt 00:04:42]} O-O {[%clk 01:42:24]}
{[%emt 00:14:08]} 12. Bxd7 {[%clk 01:18:01]} {[%emt 00:14:39]} Nxd7 {[%clk
01:29:51]} {[%emt 00:13:08]} 13. a4 {[%clk 01:10:36]} {[%emt 00:08:00]} Nb6
{[%clk 01:20:56]} {[%emt 00:09:30]} 14. Qb3 {[%clk 01:10:22]} {[%emt 00:00:50]}
Rb8 {[%clk 01:18:45]} {[%emt 00:02:45]} 15. Ne5 {[%clk 01:04:30]} {[%emt
00:06:26]} Na8 {[%clk 01:05:57]} {[%emt 00:13:24]} 16. f4 {[%clk 00:57:20]}
{[%emt 00:07:45]} Nc7 {[%clk 01:03:47]} {[%emt 00:02:44]} 17. Rad1 {[%clk
00:55:19]} {[%emt 00:02:36]} Ne8 {[%clk 00:53:00]} {[%emt 00:11:22]} 18. Rfe1
{[%clk 00:41:08]} {[%emt 00:14:47]} Nd6 {[%clk 00:50:31]} {[%emt 00:03:03]} 19.
a5 {[%clk 00:38:43]} {[%emt 00:03:01]} Re8 {[%clk 00:42:37]} {[%emt 00:08:28]}
20. Qa4 {[%clk 00:37:43]} {[%emt 00:01:37]} a6 {[%clk 00:33:55]} {[%emt
00:09:16]} 21. b4 {[%clk 00:22:07]} {[%emt 00:16:12]} Rc8 {[%clk 00:33:07]}
{[%emt 00:01:22]} 22. Qb3 {[%clk 00:22:36]} {[%emt 00:00:05]} b5 {[%clk
00:27:31]} {[%emt 00:06:11]} 23. Nc6 {[%clk 00:12:47]} {[%emt 00:10:25]} Qd7
{[%clk 00:27:12]} {[%emt 00:00:54]} 24. Ne4 {[%clk 00:08:43]} {[%emt 00:04:39]}
Nxe4 {[%clk 00:25:08]} {[%emt 00:02:39]} 25. Rxe4 {[%clk 00:09:14]} {[%emt
00:00:04]} Rc7 {[%clk 00:24:12]} {[%emt 00:01:30]} 26. Rde1 {[%clk 00:04:55]}
{[%emt 00:04:54]} Qd6 {[%clk 00:23:47]} {[%emt 00:01:00]} 27. g3 {[%clk
00:03:20]} {[%emt 00:02:11]} Rd7 {[%clk 00:21:54]} {[%emt 00:02:27]} 28. Ne5
{[%clk 00:03:29]} {[%emt 00:00:27]} Qxd5 {[%clk 00:18:57]} {[%emt 00:03:32]} 29.
Qe3 {[%clk 00:01:12]} {[%emt 00:02:52]} Bxe5 {[%clk 00:17:20]} {[%emt
00:02:12]} 30. dxe5 {[%clk 00:01:11]} {[%emt 00:00:37]} e6 {[%clk 00:15:14]}
{[%emt 00:02:41]} 31. Rc1 {[%clk 00:00:40]} {[%emt 00:01:06]} Qa2 {[%clk
00:15:08]} {[%emt 00:00:41]} 32. Rd4 {[%clk 00:00:43]} {[%emt 00:00:33]} Red8
{[%clk 00:14:56]} {[%emt 00:00:46]} 33. Rd6 {[%clk 00:00:49]} {[%emt 00:00:29]}
Rxd6 {[%clk 00:14:15]} {[%emt 00:01:16]} 34. exd6 {[%clk 00:01:23]} {[%emt
00:00:01]} Qd5 {[%clk 00:14:38]} {[%emt 00:00:11]} 35. Qc5 {[%clk 00:00:47]}
{[%emt 00:01:12]} Qxd6 {[%clk 00:14:12]} {[%emt 00:01:01]} 36. Qxd6 {[%clk
00:01:03]} {[%emt 00:00:19]} Rxd6 {[%clk 00:14:46]} {[%emt 00:00:01]} 37. Rc8+
{[%clk 00:01:37]} Kg7 {[%clk 00:15:09]} {[%emt 00:00:12]} 38. Ra8 {[%clk
00:02:06]} {[%emt 00:00:06]} h6 {[%clk 00:11:15]} {[%emt 00:04:29]} 39. Kg2
{[%clk 00:00:57]} {[%emt 00:01:44]} Kf6 {[%clk 00:10:35]} {[%emt 00:01:14]} 40.
Kf3 {[%clk 00:01:13]} {[%emt 00:00:20]} e5 {[%clk 00:08:12]} {[%emt 00:02:57]}
41. fxe5+ {[%clk 00:00:51]} {[%emt 00:00:58]} Kxe5 {[%clk 00:08:43]} {[%emt
00:00:03]} 42. Ke3 {[%clk 00:01:20]} {[%emt 00:00:07]} Rc6 {[%clk 00:06:13]}
{[%emt 00:03:05]} 43. Kd3 {[%clk 00:00:43]} {[%emt 00:01:12]} f5 {[%clk
00:05:37]} {[%emt 00:01:10]} 44. Re8+ {[%clk 00:00:51]} {[%emt 00:00:26]} Re6
{[%clk 00:05:17]} {[%emt 00:00:55]} 45. Rf8 {[%clk 00:00:45]} {[%emt 00:00:42]}
g5 {[%clk 00:05:22]} {[%emt 00:00:31]} 46. Ke3 {[%clk 00:00:45]} {[%emt
00:00:36]} Rf6 {[%clk 00:04:30]} {[%emt 00:01:27]} 47. Re8+ {[%clk 00:00:41]}
{[%emt 00:00:40]} Kd5 {[%clk 00:04:39]} {[%emt 00:00:25]} 48. Kd3 {[%clk
00:01:11]} {[%emt 00:00:05]} f4 {[%clk 00:04:03]} {[%emt 00:01:10]} 49. gxf4
{[%clk 00:00:58]} {[%emt 00:00:49]} gxf4 {[%clk 00:02:47]} {[%emt 00:01:50]} 50.
Rd8+ {[%clk 00:00:49]} {[%emt 00:00:45]} Rd6 {[%clk 00:02:54]} {[%emt
00:00:27]} 51. Rf8 {[%clk 00:00:42]} {[%emt 00:00:42]} Ke5+ {[%clk 00:03:17]}
{[%emt 00:00:11]} 52. Ke2 {[%clk 00:00:53]} {[%emt 00:00:24]} Rf6 {[%clk
00:03:03]} {[%emt 00:00:49]} 53. Rd8 {[%clk 00:00:53]} {[%emt 00:00:35]} f3+
{[%clk 00:01:54]} {[%emt 00:01:43]} 54. Kf2 {[%clk 00:01:17]} {[%emt 00:00:12]}
Ke4 {[%clk 00:02:02]} {[%emt 00:00:27]} 55. Rd7 {[%clk 00:00:55]} {[%emt
00:00:57]} h5 {[%clk 00:01:46]} {[%emt 00:00:51]} 56. Rd8 {[%clk 00:00:45]}
{[%emt 00:00:46]} Ke5 {[%clk 00:00:51]} {[%emt 00:01:29]} 57. Rd7 {[%clk
00:00:52]} {[%emt 00:00:27]} Rd6 {[%clk 00:00:51]} {[%emt 00:00:35]} 58. Rh7
{[%clk 00:01:01]} {[%emt 00:00:27]} Rd2+ {[%clk 00:00:49]} {[%emt 00:00:37]} 59.
Kxf3 {[%clk 00:00:46]} {[%emt 00:00:50]} Rxh2 {[%clk 00:01:18]} {[%emt
00:00:06]} 60. Rh6 {[%clk 00:00:56]} {[%emt 00:00:25]} Kd5 {[%clk 00:01:15]}
{[%emt 00:00:37]} 61. Rxa6 {[%clk 00:00:45]} {[%emt 00:00:48]} Kc4 {[%clk
00:01:31]} {[%emt 00:00:18]} 62. Ra8 {[%clk 00:00:55]} {[%emt 00:00:25]} Kxb4
{[%clk 00:01:53]} {[%emt 00:00:12]} 63. a6 {[%clk 00:01:09]} {[%emt 00:00:21]}
Ra2 {[%clk 00:01:59]} {[%emt 00:00:29]} 64. a7 {[%clk 00:00:45]} {[%emt
00:00:59]} Ra5 {[%clk 00:01:40]} {[%emt 00:00:53]} 65. Ke3 {[%clk 00:00:41]}
{[%emt 00:00:40]} h4 {[%clk 00:01:19]} {[%emt 00:00:56]} 66. Kd3 {[%clk
00:00:39]} {[%emt 00:00:37]} Ra2 {[%clk 00:01:04]} {[%emt 00:00:49]} 67. Rh8
{[%emt 00:00:37]} Rxa7 {[%clk 00:01:19]} {[%emt 00:00:18]} 68. Rxh4+ {[%clk
00:01:13]} {[%emt 00:00:01]} Kb3 {[%clk 00:01:41]} {[%emt 00:00:12]} 69. Rh8
{[%clk 00:00:41]} {[%emt 00:01:07]} Rd7 {[%clk 00:02:05]} {[%emt 00:00:11]} 70.
Ke2 {[%clk 00:01:01]} {[%emt 00:00:16]} b4 {[%clk 00:02:36]} {[%emt 00:00:04]}
71. Rb8 {[%clk 00:01:11]} {[%emt 00:00:24]} Kc3 {[%clk 00:02:59]} {[%emt
00:00:12]} 72. Rc8+ {[%clk 00:01:18]} {[%emt 00:00:28]} Kb2 {[%clk 00:03:31]}
{[%emt 00:00:03]} 73. Rb8 {[%clk 00:01:48]} {[%emt 00:00:06]} b3 {[%clk
00:04:02]} {[%emt 00:00:04]} 74. Rb6 {[%clk 00:02:12]} {[%emt 00:00:11]} Kc2
{[%clk 00:04:09]} {[%emt 00:00:26]} 75. Rc6+ {[%clk 00:02:26]} {[%emt
00:00:21]} Kb1 {[%clk 00:04:38]} {[%emt 00:00:07]} 76. Rb6 {[%clk 00:02:22]}
{[%emt 00:00:39]} b2 {[%clk 00:05:10]} 77. Rb8 {[%clk 00:02:22]} {[%emt
00:00:37]} Rd5 {[%clk 00:05:20]} {[%emt 00:00:24]} 78. Rb7 {[%clk 00:02:35]}
{[%emt 00:00:23]} Kc2 {[%clk 00:05:06]} {[%emt 00:00:49]} 79. Rc7+ {[%clk
00:02:49]} {[%emt 00:00:21]} Kb3 {[%clk 00:05:20]} {[%emt 00:00:20]} 80. Rb7+
{[%clk 00:03:11]} {[%emt 00:00:14]} Kc3 {[%clk 00:05:38]} {[%emt 00:00:17]} 81.
Rb8 {[%clk 00:02:03]} {[%emt 00:01:43]} Rd4 {[%clk 00:05:41]} {[%emt 00:00:31]}
 0-1